[Event "Pula op 29th"]
[Site "Pula"]
[Date "2015.06.13"]
[Round "1"]
[White "Schrott, Ernst"]
[Black "Zelcic, Robert"]
[Result "0-1"]
[WhiteElo "1957"]
[BlackElo "2505"]
[PlyCount "70"]
[EventDate "2015.06.13"]
[EventType "swiss"]
[EventRounds "9"]
[EventCountry "CRO"]
[SourceTitle "CBM 167 Extra"]
[Source "ChessBase"]
[SourceDate "2015.09.14"]
[SourceVersion "1"]
[SourceVersionDate "2015.09.14"]
[SourceQuality "1"]

1. e4 c5 2. Nf3 Nc6 3. d4 cxd4 4. Nxd4 e5 5. Nb5 d6 6. a4 a6 7. N5a3 Be6 8. Nc3 Nf6 9. Bc4 Be7 10. 0-0 0-0 11. Bd5 Rc8 12. Nc4 Nd4 13. Ne3 b5 14. axb5 axb5 15. Ne2 Nxd5 16. exd5 Nxe2+ 17. Qxe2 Bd7 18. c3 Ra8 19. Bd2 f5 20. Nc2 Qb6 21. Be3 Qb7 22. Nb4 f4 23. Rxa8 Qxa8 24. Bd2 f3 25. Qe4 fxg2 26. Qxg2 Rf6 27. Kh1 Rg6 28. Qe4 Bh3 29. Rg1 Rxg1+ 30. Kxg1 Qa1+ 31. Qe1 Qxb2 32. Nc6 Bh4 33. Nd4 b4 34. Nf3 bxc3 35. Nxh4 cxd2 0-1

[Event "Arco op 31st"]
[Site "Arco"]
[Date "2009.10.23"]
[Round "7"]
[White "Schrott, Ernst"]
[Black "De Nisi, Roberta"]
[Result "0-1"]
[WhiteElo "2059"]
[BlackElo "1903"]
[PlyCount "55"]
[EventDate "2009.10.17"]
[EventType "swiss"]
[EventRounds "9"]
[EventCountry "ITA"]
[SourceTitle "EXT 2010"]
[Source "ChessBase"]
[SourceDate "2010.11.25"]
[SourceVersion "1"]
[SourceVersionDate "2010.11.25"]
[SourceQuality "1"]

1. e4 e6 2. c4 d5 3. cxd5 exd5 4. exd5 Qxd5 5. Nc3 Qa5 6. Bc4 Nc6 7. Nf3 Bg4 8. Bxf7+ Kxf7 9. Qb3+ Be6 10. Qxb7 Re8 11. 0-0 Nd8 12. Qe4 Nf6 13. Qc2 Bd6 14. d4 Rhf8 15. Bg5 Kg8 16. h3 Qf5 17. Qxf5 Bxf5 18. Rfe1 Nc6 19. Rac1 Rxe1+ 20. Rxe1 Re8 21. Re3 Rb8 22. Ne5 Nxd4 23. Nc4 Nc2 24. Rf3 Be4 25. Nxe4 Nxe4 26. Bc1 Rf8 27. Re3 Nxe3 28. Nxe3 0-1

[Event "Amantea op-A 7th"]
[Site "Amantea"]
[Date "2009.09.06"]
[Round "8"]
[White "Schrott, Ernst"]
[Black "Schiappoli, Dario"]
[Result "0-1"]
[WhiteElo "2059"]
[BlackElo "1982"]
[PlyCount "92"]
[EventDate "2009.08.31"]
[EventType "swiss"]
[EventRounds "9"]
[EventCountry "ITA"]
[SourceTitle "CBM 132 Extra"]
[Source "ChessBase"]
[SourceDate "2009.11.03"]
[SourceVersion "1"]
[SourceVersionDate "2009.11.03"]
[SourceQuality "1"]

1. e4 c5 2. Nf3 d6 3. d4 cxd4 4. Nxd4 Nf6 5. Nc3 a6 6. Be3 Qc7 7. f3 e6 8. Qd2 Nbd7 9. g4 Nb6 10. 0-0-0 Nc4 11. Bxc4 Qxc4 12. Kb1 b5 13. e5 b4 14. Na4 Nd5 15. exd6 Bd7 16. b3 Qc8 17. Ne2 Bxa4 18. bxa4 Bxd6 19. Bd4 Rb8 20. Ka1 0-0 21. Bxg7 Be7 22. Be5 Qc6 23. g5 Rbc8 24. Rc1 Rfd8 25. g6 fxg6 26. Qh6 Bf8 27. Qh3 Nc3 28. Nd4 Rxd4 29. Bxd4 Qc4 30. Bxc3 Qxc3+ 31. Kb1 Bg7 32. Qxe6+ Kh8 33. Qxc8+ Qxc8 34. Rcd1 h5 35. Rd3 Qc6 36. Rhd1 Qf6 37. Kc1 Qb2+ 38. Kd2 Qxa2 39. Rd8+ Kh7 40. Rd7 Qxa4 41. Kc1 Qa3+ 42. Kd2 Qc3+ 43. Kc1 a5 44. Rb7 Kh6 45. Rdd7 Be5 46. h4 Qe1+ 0-1

[Event "Amantea op-A 7th"]
[Site "Amantea"]
[Date "2009.09.05"]
[Round "6"]
[White "Schrott, Ernst"]
[Black "Collutiis, Duilio"]
[Result "0-1"]
[WhiteElo "2059"]
[BlackElo "2449"]
[PlyCount "82"]
[EventDate "2009.08.31"]
[EventType "swiss"]
[EventRounds "9"]
[EventCountry "ITA"]
[SourceTitle "CBM 132 Extra"]
[Source "ChessBase"]
[SourceDate "2009.11.03"]
[SourceVersion "1"]
[SourceVersionDate "2009.11.03"]
[SourceQuality "1"]

1. e4 c5 2. Nf3 Nc6 3. d4 cxd4 4. Nxd4 Qc7 5. Nc3 e6 6. Be3 a6 7. Qd2 Nf6 8. f4 b5 9. e5 Ng4 10. Bg1 Bb7 11. 0-0-0 Nxd4 12. Bxd4 Be7 13. Bd3 f5 14. h3 Nh6 15. Rhg1 0-0 16. Kb1 Kh8 17. g4 Bc6 18. Ne2 b4 19. gxf5 Nxf5 20. Bxf5 Rxf5 21. Ng3 Rf7 22. f5 exf5 23. Rdf1 Raf8 24. Nh5 Rg8 25. Qf2 Bd5 26. Nf4 Be6 27. h4 Rc8 28. h5 Bc5 29. Bxc5 Qxc5 30. Qg2 a5 31. h6 g6 32. Nxg6+ hxg6 33. Qxg6 Qxc2+ 34. Ka1 Qc4 35. b3 Qd4+ 36. Kb1 Qe4+ 37. Ka1 Qxe5+ 38. Kb1 Qe4+ 39. Ka1 Qd4+ 40. Kb1 a4 41. h7 Rg7 0-1

[Event "Amantea op-A 7th"]
[Site "Amantea"]
[Date "2009.08.31"]
[Round "1"]
[White "Efimov, Igor"]
[Black "Schrott, Ernst"]
[Result "1-0"]
[WhiteElo "2433"]
[BlackElo "2059"]
[PlyCount "37"]
[EventDate "2009.08.31"]
[EventType "swiss"]
[EventRounds "9"]
[EventCountry "ITA"]
[SourceTitle "CBM 132 Extra"]
[Source "ChessBase"]
[SourceDate "2009.11.03"]
[SourceVersion "1"]
[SourceVersionDate "2009.11.03"]
[SourceQuality "1"]

1. d4 g6 2. e4 Bg7 3. Nc3 d6 4. Bg5 h6 5. Bh4 Nd7 6. f4 c6 7. Qd2 Qc7 8. e5 dxe5 9. fxe5 b5 10. Bd3 e6 11. Ne4 Bf8 12. Ne2 Bb7 13. 0-0 g5 14. Bg3 Nb6 15. Nd6+ Bxd6 16. exd6 Qd7 17. Be5 f6 18. Bg6+ Kd8 19. Rxf6 1-0

[Event "Arco op 30th"]
[Site "Arco"]
[Date "2008.10.26"]
[Round "9"]
[White "Pipitone, Antonio"]
[Black "Schrott, Ernst"]
[Result "1/2-1/2"]
[WhiteElo "1997"]
[BlackElo "2072"]
[PlyCount "76"]
[EventDate "2008.10.18"]
[EventType "swiss"]
[EventRounds "9"]
[EventCountry "ITA"]
[SourceTitle "CBM 127 Extra"]
[Source "ChessBase"]
[SourceDate "2009.01.08"]
[SourceVersion "2"]
[SourceVersionDate "2009.01.28"]
[SourceQuality "1"]

1. e4 c5 2. Nf3 e6 3. d4 cxd4 4. Nxd4 a6 5. Nc3 Qc7 6. Be2 b5 7. a3 Bb7 8. 0-0 Nc6 9. Be3 Nf6 10. Kh1 Ne5 11. f4 Nc4 12. Bxc4 Qxc4 13. e5 Nd5 14. Nxd5 Qxd5 15. Nf3 Rc8 16. c3 Bc5 17. Bxc5 Rxc5 18. Qc2 Qe4 19. Qf2 Rc8 20. Nd4 g6 21. Rfe1 Qd5 22. Rad1 Qc5 23. Rd2 0-0 24. Qh4 d6 25. exd6 Qxd6 26. Nf3 Qc5 27. Ne5 Bc6 28. Ng4 h5 29. Re5 Qc4 30. Nf6+ Kh8 31. Kg1 Rg8 32. Qg5 Kg7 33. Nxh5+ Kf8 34. Rd8+ Be8 35. Rd4 Qa2 36. Qh6+ Ke7 37. Qg5+ Kf8 38. Qh6+ Ke7 1/2-1/2

[Event "Arco op 30th"]
[Site "Arco"]
[Date "2008.10.24"]
[Round "7"]
[White "Cavatorta, Fosco"]
[Black "Schrott, Ernst"]
[Result "1/2-1/2"]
[WhiteElo "1923"]
[BlackElo "2072"]
[PlyCount "83"]
[EventDate "2008.10.18"]
[EventType "swiss"]
[EventRounds "9"]
[EventCountry "ITA"]
[SourceTitle "CBM 127 Extra"]
[Source "ChessBase"]
[SourceDate "2009.01.08"]
[SourceVersion "2"]
[SourceVersionDate "2009.01.28"]
[SourceQuality "1"]

1. Nf3 g6 2. e4 Bg7 3. g3 e5 4. Bg2 Ne7 5. c3 d5 6. 0-0 dxe4 7. Qa4+ Nbc6 8. Qxe4 Bf5 9. Qh4 h6 10. Qa4 0-0 11. b4 a6 12. Na3 Nd5 13. Nc2 Nb6 14. Qb3 Bxc2 15. Qxc2 Nxb4 16. cxb4 e4 17. Rb1 exf3 18. Bxf3 c6 19. a4 Qf6 20. Bg2 Rfd8 21. b5 axb5 22. Bb2 Qd6 23. Bxg7 Kxg7 24. axb5 Nd5 25. bxc6 bxc6 26. Rfc1 Rac8 27. Bh3 Rc7 28. Qc5 Qxc5 29. Rxc5 Nf6 30. Bg2 Rxd2 31. Rxc6 Rxc6 32. Bxc6 Ng4 33. Rf1 h5 34. h3 Ne5 35. Be4 f5 36. Bg2 Nd3 37. Bf3 Kf6 38. h4 Ne5 39. Kg2 Ng4 40. Bxg4 fxg4 41. Ra1 Rd6 42. Ra5 1/2-1/2

[Event "Imperia op-A 49th"]
[Site "Imperia"]
[Date "2007.09.06"]
[Round "6"]
[White "Schrott, Ernst"]
[Black "Faraci, Antonino"]
[Result "1/2-1/2"]
[WhiteElo "2103"]
[BlackElo "2051"]
[PlyCount "108"]
[EventDate "2007.09.02"]
[EventType "swiss"]
[EventRounds "9"]
[EventCountry "ITA"]
[SourceTitle "EXT 2009"]
[Source "ChessBase"]
[SourceDate "2008.11.26"]
[SourceVersion "1"]
[SourceVersionDate "2008.11.26"]
[SourceQuality "1"]

1. e4 c5 2. Nf3 a6 3. c4 d6 4. d4 cxd4 5. Nxd4 e5 6. Nc2 Nf6 7. Nc3 Be6 8. Be2 Be7 9. 0-0 0-0 10. Kh1 Nbd7 11. f3 Rc8 12. Nd5 Bxd5 13. cxd5 Ne8 14. Be3 Bg5 15. Bg1 g6 16. Ne3 Ng7 17. Rc1 f5 18. Rxc8 Qxc8 19. Nc4 Ne8 20. Qb3 fxe4 21. fxe4 Rxf1 22. Bxf1 b5 23. Na3 Qc1 24. Be2 Nc5 25. Qc2 Qxc2 26. Nxc2 Nxe4 27. Nb4 a5 28. Nc6 Bd2 29. Bxb5 Bc1 30. b3 Nc3 31. a4 Nc7 32. Bc4 Kf8 33. Nxa5 N7xd5 34. Nb7 Ke7 35. a5 Kd7 36. a6 Nc7 37. a7 d5 38. Nc5+ Kc6 39. Ba6 d4 40. Ne6 Na8 41. Bc4 Kb7 42. g3 Nb6 43. Nc5+ Kxa7 44. Nd3 Nxc4 45. bxc4 Ne2 46. Bf2 e4 47. Nxc1 Nxc1 48. Bxd4+ Kb7 49. Kg2 Nb3 50. Bg7 Kc6 51. Kf2 Nd2 52. Ke3 Nxc4+ 53. Kxe4 Kd7 54. Kf4 Ke6 1/2-1/2

[Event "Imperia op-A 49th"]
[Site "Imperia"]
[Date "2007.09.04"]
[Round "3"]
[White "Van Hoolandt, Patrick"]
[Black "Schrott, Ernst"]
[Result "1-0"]
[WhiteElo "2246"]
[BlackElo "2103"]
[PlyCount "61"]
[EventDate "2007.09.02"]
[EventType "swiss"]
[EventRounds "9"]
[EventCountry "ITA"]
[SourceTitle "EXT 2009"]
[Source "ChessBase"]
[SourceDate "2008.11.26"]
[SourceVersion "1"]
[SourceVersionDate "2008.11.26"]
[SourceQuality "1"]

1. d4 Nf6 2. c4 c5 3. d5 b5 4. cxb5 a6 5. bxa6 g6 6. Nc3 Bxa6 7. Nf3 Bg7 8. g3 d6 9. Bg2 Nbd7 10. Rb1 Nb6 11. b3 Bc8 12. Nh4 h6 13. Qc2 Bb7 14. Bb2 c4 15. b4 0-0 16. e4 e6 17. dxe6 fxe6 18. Nxg6 Re8 19. 0-0 d5 20. exd5 exd5 21. a4 Qc7 22. a5 Nc8 23. Nb5 Qd7 24. Nd4 Nd6 25. Nh4 Nfe4 26. Rbd1 c3 27. Bc1 Ba6 28. Rfe1 Rf8 29. Be3 Nc4 30. Bxe4 Nxe3 31. Bh7+ 1-0

[Event "Imperia op-A 49th"]
[Site "Imperia"]
[Date "2007.09.02"]
[Round "1"]
[White "Jurek, Josef"]
[Black "Schrott, Ernst"]
[Result "1-0"]
[WhiteElo "2350"]
[BlackElo "2103"]
[PlyCount "67"]
[EventDate "2007.09.02"]
[EventType "swiss"]
[EventRounds "9"]
[EventCountry "ITA"]
[SourceTitle "EXT 2009"]
[Source "ChessBase"]
[SourceDate "2008.11.26"]
[SourceVersion "1"]
[SourceVersionDate "2008.11.26"]
[SourceQuality "1"]

1. Nf3 g6 2. d4 Bg7 3. c4 c5 4. d5 b5 5. cxb5 a6 6. bxa6 Bxa6 7. Nc3 Nf6 8. e4 Bxf1 9. Kxf1 d6 10. g3 0-0 11. Kg2 Nbd7 12. Rb1 Ra6 13. Bg5 Qa8 14. Rc1 e6 15. Rc2 exd5 16. exd5 h6 17. Bf4 g5 18. Bc1 g4 19. Nh4 Nb6 20. Nf5 Nbxd5 21. Nxd5 Qxd5+ 22. Qxd5 Nxd5 23. a3 Nf6 24. Rd1 Nh5 25. Bxh6 Bxh6 26. Nxh6+ Kg7 27. Nxg4 f5 28. Ne3 f4 29. gxf4 Rxf4 30. Rd5 Nf6 31. Nf5+ Kg6 32. Rxd6 Ra7 33. Ng3 Rh7 34. Rxc5 1-0

[Event "Arco op 28th"]
[Site "Arco"]
[Date "2006.10.24"]
[Round "4"]
[White "Schrott, Ernst"]
[Black "Schaefer, Michael"]
[Result "1/2-1/2"]
[WhiteElo "2070"]
[BlackElo "2199"]
[PlyCount "83"]
[EventDate "2006.10.21"]
[EventType "swiss"]
[EventRounds "9"]
[EventCountry "ITA"]
[SourceTitle "EXT 2007"]
[Source "ChessBase"]
[SourceDate "2006.11.23"]
[SourceVersion "1"]
[SourceVersionDate "2006.11.23"]
[SourceQuality "1"]

1. e4 c5 2. Nf3 d6 3. d4 cxd4 4. Nxd4 Nf6 5. Nc3 Nc6 6. Be2 e6 7. 0-0 Be7 8. Kh1 Bd7 9. Ndb5 Qb8 10. Bf4 Ne5 11. Bg5 a6 12. Bxf6 gxf6 13. Nd4 b5 14. f4 b4 15. Nd5 exd5 16. fxe5 dxe5 17. Nf5 Bxf5 18. Rxf5 d4 19. Bc4 Qc7 20. Bb3 Rg8 21. Qh5 Rg7 22. Qh6 Kf8 23. Raf1 Kg8 24. R1f3 Qc6 25. Rxe5 d3 26. Rxd3 Bf8 27. Red5 Rxg2 28. Qh4 Rg7 29. Rg3 Re8 30. Rxg7+ Bxg7 31. Qg4 h6 32. Qd7 Qxd7 33. Rxd7 Rxe4 34. Rxf7 Kh7 35. Ra7 f5 36. Kg2 Kg6 37. Rxa6+ Kg5 38. Kf3 Bxb2 39. Ra8 Rf4+ 40. Kg3 Rg4+ 41. Kf3 Rf4+ 42. Kg3 1/2-1/2

[Event "Arco op 28th"]
[Site "Arco"]
[Date "2006.10.23"]
[Round "3"]
[White "Isonzo, Davide"]
[Black "Schrott, Ernst"]
[Result "1-0"]
[WhiteElo "2365"]
[BlackElo "2070"]
[PlyCount "81"]
[EventDate "2006.10.21"]
[EventType "swiss"]
[EventRounds "9"]
[EventCountry "ITA"]
[SourceTitle "EXT 2007"]
[Source "ChessBase"]
[SourceDate "2006.11.23"]
[SourceVersion "1"]
[SourceVersionDate "2006.11.23"]
[SourceQuality "1"]

1. e4 c5 2. Nf3 Nc6 3. d4 cxd4 4. Nxd4 Nf6 5. Nc3 d6 6. Bg5 e6 7. Qd2 Be7 8. 0-0-0 a6 9. f3 Qa5 10. Be3 0-0 11. Kb1 Qc7 12. g4 b5 13. g5 Nd7 14. Nxc6 Qxc6 15. Ne2 Bb7 16. Nd4 Qc7 17. h4 d5 18. h5 Rfd8 19. g6 Bf6 20. h6 hxg6 21. hxg7 Bxg7 22. Bf4 Qb6 23. Qh2 e5 24. Qh7+ Kf8 25. Bh6 Bxh6 26. Qxh6+ Ke7 27. exd5 exd4 28. Re1+ Kd6 29. Qf4+ Kc5 30. Rd1 Rac8 31. Qxd4+ Kd6 32. Qf4+ Ne5 33. Qf6+ Kc7 34. Qxe5+ Qd6 35. Qg7 Qf8 36. Qf6 Rd6 37. Qe5 Kb6 38. Rh7 Rc7 39. Qd4+ Ka5 40. b4+ Ka4 41. Qb2 1-0